00425pam a2200169 a 450000100070000000500170000700800410002401000170006502000150008204000180009704100080011508000120012308200160013510000070015110100080015824500890016697012620180220094955.0850708s1986 caua 001 0 eng  a 85015765  a0805396306 aDLCcDLCdDLC aeng a540 WIL00a540 WIL2191 a12 aKIM10aGeneral, organic, and biological chemistry /cMichael S. Matta, Antony C. Wilbraham.